000 00510nam a2200205Ia 4500
003 OSt
005 20220928144210.0
006 a|||||r|||| 00| 0
007 ta
008 220927b |||||||| |||| 00| 0 eng d
024 _a63600
037 _cTextual
040 _aSDCL
_cSDCL
_beng
041 _2eng
_aeng
082 _aL:424, N 1
100 _aVolk,etc.
_9507349
245 0 _aEssentials of medical microbiology.
942 _hL:424, N 1
_cTEXL
_2CC
999 _c826716
_d826716